000001417 001__ 1417
000001417 005__ 20160222141727.0
000001417 037__ $$aSIDCimport-1704
000001417 100__ $$aClette, F.
000001417 245__ $$aThe Sunspot Index Ri Method, accuracy and applications
000001417 260__ $$c2011
000001417 269__ $$c2011-02-xx
000001417 594__ $$aSTCE
000001417 773__ $$tSoteria Capacity Building Workshop, 15/2/2011
000001417 906__ $$aContributed
000001417 980__ $$aCTALKCONT